Normal view
MARC view
- V.A. Santhosh
Entry Personal Name
001 - CONTROL NUMBER
- control field: 24853
003 - CONTROL NUMBER IDENTIFIER
- control field: IN-BhIIT
005 - DATE AND TIME OF LATEST TRANSACTION
- control field: 20241111175732.0
008 - FIXED-LENGTH DATA ELEMENTS
- fixed length control field: 241111|| aca||aabn | a|a d
040 ## - CATALOGING SOURCE
- Original cataloging agency: IN-BhIIT
- Transcribing agency: IN-BhIIT
100 ## - HEADING--PERSONAL NAME
- Personal name: V.A. Santhosh
670 ## - SOURCE DATA FOUND
- Source citation: Work cat.: (IN-BhIIT)14492: V.A. Santhosh. Author, Hallucinations of differently abled living beings :, 2021.